| 000 | 00563nam a2200133Ia 4500 | ||
|---|---|---|---|
| 008 | 160809s9999 xx 000 0 und d | ||
| 100 | _aGiakoumidakis, Konstantinos. | ||
| 245 | 4 | _aThe Hypo-Utilization of Cardiac Rehabilitation among Patients Undergoing Percutaneous Coronary Intervention: The Critical Role of the Cardiac Nurse | |
| 245 | _cKonstantinos Giakoumidakis. | ||
| 260 | _bJournal of Nursing and Care | ||
| 260 | _cApril 2016 | ||
| 650 | _xNURSING | ||
| 856 | _uhttp://www.omicsgroup.org/journals/ArchiveJNC/previousissue-nursing-care-open-access.php | ||
| 999 |
_c300173 _d300173 |
||